Normal view
MARC view
- Etienne Paul, Yu Liu
Entry Personal Name
001 - CONTROL NUMBER
- control field: 113238
003 - CONTROL NUMBER IDENTIFIER
- control field: NUST
005 - DATE AND TIME OF LATEST TRANSACTION
- control field: 20230623095720.0
008 - FIXED-LENGTH DATA ELEMENTS
- fixed length control field: 230623|| aca||aabn | a|a d
040 ## - CATALOGING SOURCE
- Original cataloging agency: NUST
- Transcribing agency: NUST
100 ## - HEADING--PERSONAL NAME
- Personal name: Etienne Paul, Yu Liu
670 ## - SOURCE DATA FOUND
- Source citation: Work cat.: (NUST): Etienne Paul, Yu Liu, Biological sludge minimization and biomaterials/bioenergy recovery technologies, 2012
